000
00284nam a22001337a 4500
008
170830b xxu||||| |||| 00| 0 eng d
020
_a
9781412974202
041
_a
eng
080
_a
070
100
_a
39
101
_a
MED
245
_a
MEDIA SOCIETY
_c
CROTEAU.D
942
_2
udc
_c
BK
999
_c
25488
_d
25488